| 000 | 00773nam a22002297a 4500 | ||
|---|---|---|---|
| 999 |
_c21167 _d21167 |
||
| 003 | AR-CdUCM | ||
| 008 | 190306b ||||| |||| 00| 0 spa d | ||
| 040 |
_aMUNICIPALIDAD PROVINCIAL DEL CUSCO _cBIBLIOTECA MUNICIPAL DEL CUSCO |
||
| 082 |
_a869.56 / J12 _bJ12 |
||
| 100 |
_aJachnkee, Marli Carmen _944230 |
||
| 245 |
_aAndes, un camino a las estrellas / _cMarli Carmen Jachnkee y Fernando Elorrieta Salazar |
||
| 260 |
_aCusco : _bAxis Mundi, _c2016. |
||
| 300 |
_a272 páginas ; _c22cm |
||
| 500 | _aSegundo ejemplar en Portugués | ||
| 650 |
_aLiteratura siglo XX _91173 |
||
| 650 |
_aLiteratura cusqueña _944229 |
||
| 650 |
_aNovela _944231 |
||
| 650 |
_aLiteratura _944232 |
||
| 700 |
_aElorrieta Salazar, Fernando _916120 |
||
| 942 |
_2ddc _cLIBROS |
||
| 945 | _aRoel | ||